| 000 | 00952cam a2200265 4500 | ||
|---|---|---|---|
| 001 | ABS61541 | ||
| 008 | 000000n1999 000 0 eng u | ||
| 035 | _a(Sirsi) u102881 | ||
| 100 | _aSpurway, N. | ||
| 245 | _aImproved data management for contaminated land | ||
| 260 | _c1999 | ||
| 490 |
_aWastes Management _vNovember 1999, 36-37(2) |
||
| 520 | _aDiscusses the impact of the Environment Act 1995 S57 (on the regulation of contaminated land) on local authorities, and looks at information sources on contaminated land. Also describes the impact which systems such as GIS can have on the management of such information. | ||
| 590 | _aABS | ||
| 650 | _aGIS | ||
| 650 | _aGIS | ||
| 650 | _aCONTAMINATED LAND | ||
| 650 | _aLOCAL AUTHORITIES | ||
| 650 | _aENVIRONMENT ACT 1995 S57 | ||
| 650 | _aDATA MANAGEMENT | ||
| 650 | _aINFORMATION SOURCES | ||
| 650 | _aREGULATION | ||
| 690 | _aENVIRONMENTAL AND LAND CONSULTANCY | ||
| 942 | _n0 | ||
| 999 |
_c61835 _d61835 |
||